Statistics for Top 100 Mountains by Summit Prominence on the World Map

Click here to take the quiz!

General Stats

  • This quiz has been taken 258 times
  • The average score is 53 of 147

Answers on the Map

Answers color-coded by a green-red scale on the quiz's map according to % correct below.
 

Answer Stats

LATLONProminenceAltitudeParent#% Correct
35.882576.5133333340178611K_
97%
39.702544.336115137Ara__
96%
38.2691666747.837532834811Kuh__
96%
28.5958333383.822529848091Ann__
95%
36.5174.522531187795Bat__
95%
43.8016666788.332541225445Bog__
95%
28.6966666783.4933578167Dha__
95%
49.807586.5933434505Gor__
95%
29.8141666794.9683333329427294Gya__
95%
42.037580.12541447435Jen__
95%
27.702588.1466666739228586Kan__
95%
28.0483333390.4541666729957570Kan__
95%
38.5941666775.3133333335857649Kon__
95%
28.5491666784.557530928163Man__
95%
29.595101.876666736427556Min__
95%
27.9883333386.92416667884888481Mount Everest
95%
29.6291666795.0558333341067782Nam__
95%
30.3766666779.9708333331397816Nan__
95%
35.2391666774.5908333346088125Nan__
95%
38.942572.01534027495Pik__
95%
43.1183333377.3408333329814978Tal__
95%
36.2541666771.8433333339107708Tir__
95%
43.0733333394.3466666732434886Tom__
95%
42.2616666780.8930686627Xue__
95%
27.09833333100.17532025596Yul__
95%
45.83256.86444444446954808MONT BLANC11Mont Blanc
88%
35.882576.5133333340178611EVEREST22K 2
86%
19.02333333-98.6266666730505400Pop__
86%
63.07-151.004166761446194DENALI3Denali / Mount Mckinley
85%
61.73166667-143.43535334996Mount Bla__
85%
61.0225-140.466666730465226Mount Luc__
85%
60.29305556-140.931111134485489Mount Sai__
85%
41.40888889122.19529774317Mount Sha__
85%
36.57833333-118.292777830724417Mount Whi__
85%
-0.15083333337.307538255199Mount Ken__
84%
-1.50833333329.44533124507Kar__
83%
-3.07583333337.3516666758855895KILIMANJARO4Kilimanjaro (Kibo)
83%
-3.24666666736.7483333331704565Mer__
83%
0.38416666729.8733333339515109Nga__
83%
35.36138.72583333775377535Fuji San (Kengamine)
78%
-1.469166667-78.817541226267Chi__
70%
43.3533333342.4391666747415642EVEREST EL'BRUS10El'Brus
70%
-32.65333333-70.01083333696469642Aconcagua
69%
-27.21416667-66.0941666732525552Cer__
69%
-31.97916667-70.112533536720Mer__
69%
-27.10916667-68.5408333336866891Ojo__
69%
8.541666667-71.0458333339554979Pico Bol__
69%
6.494166667-72.297536455410Rit__
69%
37.7511111114.995833333323332359Etna
68%
19.82055556-155.46805564205420515Mauna Kea
56%
-43.6170.13333333755375537Mount Cook / Aoraki
54%
39.702544.336115137EVEREST ARARAT48Ararat / Büyük Agri Dagi
53%
46.85277778-121.760555640234393MOUNT RAINIER21Mount Rainier
50%
-0.15083333337.307538255199KILIMANJARO MOUNT KENYA32Mount Kenya
44%
60.56666667-140.403888952505959DENALI MOUNT LOGAN6Mount Logan
44%
28.5958333383.822529848091EVEREST94Annapurna I
35%
36.57833333-118.292777830724417DENALI MOUNT WHITNEY81Mount Whitney
35%
-16.6394444428.273055563717371740Pico De Teide
34%
-1.469166667-78.817541226267ACONCAGUA18Chimborazo
31%
-5.78145.029166729224509Mount Wil__
30%
-4.063333333137.1858333488448849Puncak Jaya / Carstensz Pyramid
28%
-78.52555556-85.61722222489248928Vinson Massif
25%
4.21759.17166666739014040MOUNT CAMEROON31Mount Cameroon (Fako)
24%
35.2391666774.5908333346088125EVEREST14Nanga Parbat
21%
19.02333333-98.6266666730505400DENALI ORIZABA86Popocatepetl
21%
19.03-97.2708333349225636DENALI ORIZABA7Pico De Orizaba / Citlaltépetl
19%
27.702588.1466666739228586EVEREST29Kangchenjunga
18%
-77.53333333-167.16666673794379434Mount Erebus
18%
10.83916667-73.6858333355095700COLON/BOLIVAR5Colón/Bolivar
15%
35.95552.1146675610EVEREST DAMAVAND12Damavand
15%
6.075116.55833334095409520Kinabalu
14%
0.38416666729.8733333339515109KILIMANJARO NGALIEMA28Ngaliema (Margherita)
14%
-27.10916667-68.5408333336866891ACONCAGUA43Ojos Del Salado
14%
28.6966666783.4933578167EVEREST55Dhaulagiri I
13%
28.5491666784.557530928163EVEREST80Manaslu
13%
37.05444444-3.3132853479MULHACÉN64Mulhacén
12%
8.541666667-71.0458333339554979ACONCAGUA BOLIVAR26Pico Bolivar
12%
-5.78145.029166729224509PUNCAK JAYA106Mount Wilhelm
11%
-3.24666666736.7483333331704565KILIMANJARO MERU72Meru
10%
23.47120.95753952395227Yu Shan
10%
20.71-156.25305563055305585Haleakala
9%
56.05416667160.640833346494750KLYUCHEVSKAYA13Klyuchevskaya
9%
6.9875125.27083332954295498Mount Apo
9%
15.04333333-91.9033333339804220TAJUMULCO24Tajumulco
9%
9.475833333-83.5137273820CHIRRIPÓ38Chirripó
8%
19.7916666718.5529343445KILIMANJARO EMI KOUSSI102Emi Koussi
8%
42.037580.12541447435EVEREST16Jengish Chokusu
8%
58.90666667-137.526666739554671DENALI MOUNT FAIRWEATHER25Mount Fairweather
8%
60.29305556-140.931111134485489DENALI LOGAN53Mount Saint Elias
8%
31.05916667-7.91583333337574167JEBEL TOUBKAL36Jebel Toubkal
7%
-8.340833333115.50333333031303188Mount Agung
7%
61.73166667-143.43535334996DENALI MOUNT BLACKBURN50Mount Blackburn
7%
41.40888889122.19529774317DENALI MOUNT SHASTA96Mount Shasta
7%
19.03166667-70.998055563098309879Pico Duarte
7%
-8.41116.45833333725372539Rinjani
7%
36.2541666771.8433333339107708EVEREST30Tirich Mir
7%
-1.50833333329.44533124507KILIMANJARO KARISIMBI61Karisimbi
6%
29.6291666795.0558333341067782EVEREST19Namcha Barwa
6%
30.3766666779.9708333331397816EVEREST74Nanda Devi
6%
36.5174.522531187795EVEREST77Batura Sar
5%
43.8016666788.332541225445EVEREST BOGDA SHAN17Bogda Shan
5%
-31.97916667-70.112533536720ACONCAGUA56Mercedario
5%
-54.45-36.5333333329342934101Mount Paget
5%
3.5833333338.7666666673011301190Pico Basilé
5%
-47.59166667-72.3066666733193706SAN LORENZO60San Lorenzo
5%
-46.595-73.3458333336964058SAN VALENTIN41San Valentin
5%
-49.01916667-73.5066666733453623VOLCÁN LAUTARO57Volcán Lautaro
5%
-7.239166667109.2232843428GUNUNG SLAMET65Gunung Slamet
4%
38.5941666775.3133333335857649EVEREST49Kongur Tagh
4%
29.595101.876666736427556EVEREST47Minya Konka / Gongga Shan
4%
-5.954166667146.37536754125MOUNT FINISTERRE45Mount Finisterre
4%
63.62083333-146.715833335014216DENALI MOUNT HAYES51Mount Hayes
4%
61.0225-140.466666730465226DENALI MOUNT LOGAN87Mount Lucania
4%
61.43833333-147.7532694016DENALI MOUNT MARCUS BAKER67Mount Marcus Baker
4%
-73.25-126.13110311078Mount Siple
4%
-9.669166667149.010833329253676PUNCAK JAYA MOUNT SUCKLING104Mount Suckling
4%
47.0491666785.5666666732523840EVEREST SAUYR ZHOTASI68Sauyr Zhotasy
4%
27.09833333100.17532025596EVEREST71Yulong Xueshan
4%
68.91666667-29.93694369442Gunnbjornsfjeld
3%
-8.125833333114.045833330693332GUNUNG RAUNG83Gunung Raung
3%
51.89916667-125.876666729303555DENALI MOUNT MONARCH103Mount Monarch
3%
-3.385120.02416673478347852Bulu Rantemario
2%
-27.21416667-66.0941666732525552ACONCAGUA69Cerro Bolsón
2%
49.807586.5933434505EVEREST GORA BELUKHA58Gora Belukha
2%
-3.173333333129.4553027302789Gunung Binaiya
2%
3.797597.2191666729413466GUNUNG KERENCI GUNUNG LEUSER100Gunung Leuser
2%
-8.1075112.92253675367544Gunung Semeru
2%
-8.906666667125.49333332963296397Gunung Tata Mailau
2%
16.5975120.899166729222922105Mount Pulog
2%
-69.81666667-69.716666672987298793Mount Stephenson
2%
51.37333333-125.263333332894019DENALI MOUNT WADDINGTON63Mount Waddington
2%
-21.0983333355.476666673069306982Piton De Neiges
2%
6.494166667-72.297536455410ACONCAGUA46Ritacuba Blanca
2%
42.2616666780.8930686627EVEREST84Xuelian Feng
2%
-1.696666667101.26416673805380533Gunung Kerenci
1%
-7.6275111.194166731183265GUNUNG LAWU76Gunung Lawu
1%
29.8141666794.9683333329427294EVEREST99Gyalha Peri
1%
55.67833333157.718333331253607KLYUCHEVSKAYA ICHINSKAYA SOPKA75Ichinskaya Sopka
1%
15.2791666743.9758333333113666JABAL AN-NADI SHU'AYB62Jabal An-Nadi Shu'Ayb
1%
28.0483333390.4541666729957570EVEREST92Kangkar Pünzum
1%
53.32083333158.712529993456KLYUCHEVSKAYA KORYAKSKAYA SOPKA91Koryakskaya Sopka
1%
38.2691666747.837532834811EVEREST ARARAT66Kuh-E Sabalan
1%
38.942572.01534027495EVEREST54Pik Imeni Ismail Samani
1%
13.2358333338.3708333339964549KILIMANJARO RAS DEJEN23Ras Dejen Terara
1%
56.65333333161.361666731683307SOPKA SHIVELUCH73Sopka Shiveluch
1%
43.1183333377.3408333329814978EVEREST95Talghar Shyngy
1%
43.0733333394.3466666732434886EVEREST BOGDA SHAN70Tomurty
1%

Score Distribution

Percentile by Number Answered

Percent of People with Each Score

Your Score History

You have not taken this quiz